| 000 | 01243namaa2200313 i 4500 | ||
|---|---|---|---|
| 003 | EG-GICUC | ||
| 005 | 20260122140607.0 | ||
| 008 | 260122s2003 ua ||||jr|||| 000 0 ara d | ||
| 015 | _q2003 / 1121 | ||
| 017 |
_a2003 / 1121 _bدار الكتب والوثائق القومية(مصر) |
||
| 040 |
_aEG-GiCUC _bara _cEG-GiCUC _dEG-GiCUC _erda |
||
| 082 | 0 | 4 |
_221 _a411.5 _bS538b |
| 092 | 0 | 4 |
_221 _a411.5 _bS538b |
| 099 | _a411.5 S538b | ||
| 100 | 1 |
_aالشيخ، عبد الواحد حسن _eمؤلف. |
|
| 245 | 2 |
_aالبعد الصوتى ومظاهر إعجازه فى القرأن الكريم : _bدراسة صوتية دلالية / _cعبد الواحد حسن الشيخ |
|
| 264 |
_a[الاسكندرية : _b[مركز ابداع]، _c2003. |
||
| 300 |
_a89 صفحة ؛ _c24 سم. |
||
| 336 |
_2rdacontent _atext |
||
| 337 |
_2rdamedia _aUnmediated |
||
| 338 |
_2rdacarrier _avolume |
||
| 504 | _aيشتمل على ارجاعات ببليوجرافية | ||
| 541 |
_aد.جابر عصفور ؛ _bالقاهرة ؛ _cإهداء ؛ _d2024. |
||
| 650 | 1 |
_aالاصوات اللغوية العربية _2qrmak |
|
| 650 | 1 | 7 |
_aاللغة العربية _xألفاظ _2qrmak |
| 651 | 1 | _2qrmak | |
| 905 | _aNoha | ||
| 942 |
_2ddc _cBK _e21 _n0 |
||
| 999 |
_c177942 _d177942 |
||